|
|
|
|
| LEADER |
01541nam a2200385Ia 4500 |
| 001 |
34121 |
| 003 |
BD-DhAAL |
| 005 |
20211124132938.0 |
| 008 |
190103r20172001enk 000 0 eng d |
| 999 |
|
|
|c 40140
|d 40140
|
| 020 |
|
|
|a 9780413742605
|
| 020 |
|
|
|a 0413742601
|
| 035 |
|
|
|a 4135543
|
| 035 |
|
|
|a (OCoLC)46892729
|
| 040 |
|
|
|a OUN
|c OUN
|d NIC
|d BD-DhAAL
|
| 050 |
|
4 |
|a PR6061.A59
|b A19 2001x
|
| 082 |
|
|
|a 822.914
|2 21
|
| 100 |
1 |
|
|a Kane, Sarah,
|d 1971-
|9 29340
|
| 240 |
1 |
0 |
|a Works.
|f 2001
|
| 245 |
1 |
0 |
|a Complete plays /
|c Sarah Kane ; introduced by David Greig.
|
| 260 |
|
|
|a London :
|b Methuen Drama,
|c c2001 [reprinted 2017]
|
| 300 |
|
|
|a xviii, 268 pages ;
|c 20 cm.
|
| 490 |
|
|
|a Methuen drama
|
| 505 |
0 |
0 |
|t Blasted --
|t Phaedra's love --
|t Cleansed --
|t Crave --
|t 4.48 psychosis --
|t Skin.
|
| 526 |
|
|
|a ENH
|
| 541 |
|
|
|a Trim Education
|e 34121, 34122
|
| 648 |
|
7 |
|a 1900-1999
|2 fast
|9 43099
|
| 650 |
|
0 |
|a English drama
|y 20th century.
|9 29343
|
| 650 |
|
7 |
|a English drama.
|2 fast
|9 29344
|
| 650 |
|
7 |
|a English literature.
|9 43100
|
| 700 |
1 |
|
|a Greig, David.
|9 29345
|
| 852 |
|
|
|a Ayesha Abed Library
|c General Stacks
|
| 942 |
|
|
|2 ddc
|c BK
|
| 952 |
|
|
|0 0
|1 0
|2 ddc
|4 0
|6 822_914000000000000_KAN
|7 0
|9 64773
|a BRACUL
|b BRACUL
|c GEN
|d 2018-12-09
|e Trim Education
|g 2940.00
|l 5
|m 4
|o 822.914 KAN
|p 3010034121
|r 2023-10-02
|s 2023-09-10
|t 1
|v 2940.00
|w 2018-12-09
|y BK
|
| 952 |
|
|
|0 0
|1 0
|2 ddc
|4 0
|6 822_914000000000000_KAN
|7 0
|9 64774
|a BRACUL
|b BRACUL
|c GEN
|d 2018-12-09
|e Trim Education
|g 2940.00
|l 6
|m 99
|o 822.914 KAN
|p 3010034122
|r 2025-05-15
|s 2025-05-08
|t 2
|v 2940.00
|w 2018-12-09
|y BK
|